000 01402nam a22003737a 4500
003 CHAP
005 20220329135321.0
008 971013s1984 r 00010 d
010 _a34315
011 _a35287
035 _a39403
040 _cCHAP
090 _aTesis
100 0 0 _aLuque Meraz, Roberto Edgardo.
_969177
245 _aPatrones de distribución de la lluvia en el tiempo y su aplicación en modelos de simulación del sistema suelo-planta-atmósfera
260 _aChapingo, Méx. :
_bEl autor,
_c1984
300 _a157 h.
_b: gráfs.
502 _aTesis (M.C. Esp. en Hidrociencias) -- EP. Centro de Hidrociencias
590 _aALEPH
_b10
_c20130110
_lUCH01
_h1259
590 _aBATCH-UPD
_b10
_c20130110
_lUCH01
_h1758
590 _aBATCH-UPD
_b10
_c20130410
_lUCH01
_h1135
590 _aBATCH-UPD
_b10
_c20130914
_lUCH01
_h1728
590 _aCONVERSION
_b10
_c20130109
_lUCH01
_h1319
650 1 4 _aLluvia
_xEfecto en agricultura.
_967320
650 1 4 _aPlantas
_xAgua requerida.
_988790
650 1 4 _aSuelos
_xBalance hídrico.
_9110215
650 1 4 _aSuelos
_xHumedad.
_9110391
710 0 _aColegio de Postgraduados. Chapingo, Méx. Centro de Hidrociencias.
_925085
901 _aBK
942 _cFOLL
949 _aTesis
_bBC
_cTES
_d-89812
_eTS1
_i39403
_si
949 _aTesis
_bBC
_cTES
_d-89813
_eTS2
_fc.2
_i39403
_si
949 _aTesis
_bBC
_cTES
_d33724002324660
_eTS2
_fc.3
_h23469
_i39403
_si
999 _c34315
_d34315